Skip to main content
Your cart is empty.
Your lists
Log in to create your own lists
Your cookies
العربية
English
العربية
Home
Search
Advanced search
Authority search
About
The noble scholar, jurist, historian
His Excellency Dr. Abdul Wahhab bin Ibrahim Abu Sulaiman, may Allah have mercy on him.
He was born in Umm Al-Qura in the year 1356 AH.
Library catalog
Title
Author
Subject
ISBN
ISSN
Series
Call number
Log in to your account
×
Login:
Password:
Home
MARC view: حكم وأحكام من السيرة النبوية /
Normal view
MARC view
ISBD view
حكم وأحكام من السيرة النبوية / (Record no. 8912)
[
view plain
]
MARC details
000 -LEADER
fixed length control field
01292cam a22003011i 4500
003 - CONTROL NUMBER IDENTIFIER
control field
SA-RiAUC
005 - DATE AND TIME OF LATEST TRANSACTION
control field
20250613153239.0
008 - FIXED-LENGTH DATA ELEMENTS--GENERAL INFORMATION
fixed length control field
250613s1981 su g 000 0bara c
040 ## - CATALOGING SOURCE
Original cataloging agency
SA-JeALM
Language of cataloging
ara
Transcribing agency
SA-RiAUC.
Description conventions
rda
050 #4 - LIBRARY OF CONGRESS CALL NUMBER
Item number
.K43 1981
082 04 - DEWEY DECIMAL CLASSIFICATION NUMBER
Classification number
239
Assigning agency
SA-RiAUC
090 ## - LOCALLY ASSIGNED LC-TYPE CALL NUMBER (OCLC); LOCAL CALL NUMBER (RLIN)
Classification number (OCLC) (R) ; Classification number, CALL (RLIN) (NR)
239
Local cutter number (OCLC) ; Book number/undivided call number, CALL (RLIN)
ح ي ا
100 1# - MAIN ENTRY--PERSONAL NAME
Personal name
خياط، عبد الله عبد الغني،
Dates associated with a name
1326-1415 هجري
Relator term
مؤلف.
245 10 - TITLE STATEMENT
Title
حكم وأحكام من السيرة النبوية /
Statement of responsibility, etc.
عبد الله عبد الغني خياط.
250 ## - EDITION STATEMENT
Edition statement
الطبعة الأولى.
264 #1 - PRODUCTION, PUBLICATION, DISTRIBUTION, MANUFACTURE, AND COPYRIGHT NOTICE
Place of production, publication, distribution, manufacture
الرياض :
Name of producer, publisher, distributor, manufacturer
دار الرفاعي للنشر والطباعة والتوزيع،
Date of production, publication, distribution, manufacture, or copyright notice
1981
300 ## - PHYSICAL DESCRIPTION
Extent
297 صفحة ؛
Dimensions
24 سم.
336 ## - CONTENT TYPE
Content type term
نص
Content type code
txt
Source
rdacontent
Materials specified
كتاب
337 ## - MEDIA TYPE
Media type term
بدون وسيط
Media type code
n
Source
rdamedia
338 ## - CARRIER TYPE
Carrier type term
مجلد
Carrier type code
nc
Source
rdacarrier
490 1# - SERIES STATEMENT
Series statement
المصابيح ؛
Volume/sequential designation
1
500 ## - GENERAL NOTE
General note
إهداء من المؤلف عبد الله عبد الغني خياط بتاريخ 1401/12/25 هـ
600 07 - SUBJECT ADDED ENTRY--PERSONAL NAME
Personal name
محمد (صلى الله عليه وسلم)،
Dates associated with a name
53 قبل الهجرة-11 هجري
Source of heading or term
aucnm
650 #7 - SUBJECT ADDED ENTRY--TOPICAL TERM
Topical term or geographic name entry element
السيرة النبوية
Source of heading or term
aucsh
830 #2 - SERIES ADDED ENTRY--UNIFORM TITLE
Uniform title
المصابيح (بيت الحكمة)
Volume/sequential designation
1
942 ## - ADDED ENTRY ELEMENTS (KOHA)
Source of classification or shelving scheme
Dewey Decimal Classification
Koha item type
Books
Suppress in OPAC
No
949 ## - LOCAL PROCESSING INFORMATION (OCLC)
a
SA-JeALM
d
250613
u
mohamedma123
n
1
Holdings
Withdrawn status
Lost status
Source of classification or shelving scheme
Damaged status
Not for loan
Collection
Home library
Current library
Date acquired
Total checkouts
Full call number
Barcode
Date last seen
Price effective from
Koha item type
Dewey Decimal Classification
اهداء
DR AbdElwahab Library
DR AbdElwahab Library
06/13/2025
239 ح ي ا
000014565
06/13/2025
06/13/2025
Books
Place hold
Print
Add to your cart
(remove)
Save record
BIBTEX
Dublin Core
MARCXML
MARC (non-Unicode/MARC-8)
MARC (Unicode/UTF-8)
MARC (Unicode/UTF-8, Standard)
MODS (XML)
RIS
ISBD
More searches
Search for this title in:
Other Libraries (WorldCat)
Other Databases (Google Scholar)
Online Stores (Bookfinder.com)
Open Library (openlibrary.org)
Exporting to Dublin Core...
×
Simple DC-RDF
OAI-DC
SRW-DC